Free boundary problems : theory and applications

Αποθηκεύτηκε σε:
Λεπτομέρειες βιβλιογραφικής εγγραφής
Συγγραφή απο Οργανισμό/Αρχή: Symposium on "Free Boundary Problems: Theory & Applications"
Άλλοι συγγραφείς: Hoffmann, K.-H. (Karl-Heinz) (Επιμελητής έκδοσης), Sprekels, J. (Επιμελητής έκδοσης)
Μορφή: Πρακτικό Συνεδρίου Βιβλίο
Γλώσσα:English
Δημοσίευση: Harlow, Essex, England ; New York, N.Y. : Longman Scientific & Technical : Wiley, 1990.
Σειρά:Pitman research notes in mathematics series ; 185
Θέματα:
Ετικέτες: Προσθήκη ετικέτας
Δεν υπάρχουν, Καταχωρήστε ετικέτα πρώτοι!

MARC

LEADER 00000cam a2200000 i 4500
001 1/38560
008 941103s1990####enk| ||| |||| ||eng||
020 |a 0470211997 
020 |a 0470212004 
020 |a 0582018617 
020 |a 0582018609 
035 |a 1993  |l 10040796 
040 |a GR-MyUA  |b gre  |e AACR2 
041 0 |a eng 
082 0 |a 515.35   |2 (19) 
245 0 0 |a Free boundary problems :   |b theory and applications /   |c K.H. Hoffmann & J. Sprekels, editors.  
260 |a Harlow, Essex, England ;   |a New York, N.Y. :   |b Longman Scientific & Technical :   |b Wiley,   |c 1990.  
300 |a 2 τ. :   |b εικ. ;  |c 25 εκ.  
490 1 |a (Pitman research notes in mathematics series   |v ; 185-186)  
500 |a "Proceedings of the "International Colloquium on Free Boundary Problems: Theory and Applications", held in the Schwabisches Bildungszentrum Irsee (West Germany) from June 11 to 20, 1987"--Pref 
504 |a Περιέχει βιβλιογραφικές αναφορές.  
650 0 0 |a Boundary value problems  |x Congresses. 
700 1 |a Hoffmann, K.-H.   |q (Karl-Heinz)  |e edt 
700 1 |a Sprekels, J.  |e edt 
711 2 |a Symposium on "Free Boundary Problems: Theory & Applications"   |d (1987 :   |c Schwabisches Bildungszentrum Irsee) 
830 0 |a Pitman research notes in mathematics series ;  |v  185 
852 |a INST  |b SAMOS  |e 19941103  |h 515.35 FRE  |p 005300007231  |q 005300007231  |t BK  |y 0  |z v.2 
852 |a INST  |b SAMOS  |e 19941103  |h 515.35 FRE  |p 005300007244  |q 005300007244  |t BK  |y 0  |z v.1 
852 |a INST  |b SAMOS  |e 19941103  |h 515.35 FRE  |p 005300007231  |q 005300007231  |t BK  |v v.2:  |y 0  |z v.2 
852 |a INST  |b SAMOS  |e 19941103  |h 515.35 FRE  |p 005300007244  |q 005300007244  |t BK  |v v.1:  |y 0  |z v.1 
853 |a INST  |b SAMOS  |h 515.35 FRE 
909 |a Σ  |b 030606 
909 |a Σ  |b 030610